ARRUPE JESUIT UNIVERSITY

CORONAVIRUS -STOP THE SPREAD - CLEAN,DISINFECT,COVER

The soul of the world / (Record no. 122078)

MARC details
000 -LEADER
fixed length control field 01003pam a2200337 i 4500
001 - CONTROL NUMBER
control field 10753255
003 - CONTROL NUMBER IDENTIFIER
control field ARRUPE
005 - DATE AND TIME OF LATEST TRANSACTION
control field 20150218114923.0
008 - FIXED-LENGTH DATA ELEMENTS--GENERAL INFORMATION
fixed length control field 130728s2014 njua b 001 0 eng
010 ## - LIBRARY OF CONGRESS CONTROL NUMBER
LC control number 2013027012
020 ## - INTERNATIONAL STANDARD BOOK NUMBER
International Standard Book Number 9780691161570 (hardcover : alk. paper)
020 ## - INTERNATIONAL STANDARD BOOK NUMBER
International Standard Book Number 0691161577 (hardcover : alk. paper)
024 ## - OTHER STANDARD IDENTIFIER
Standard number or code 40023527898
035 ## - SYSTEM CONTROL NUMBER
System control number (OCoLC)ocn858975422
035 ## - SYSTEM CONTROL NUMBER
System control number (OCoLC)858975422
035 ## - SYSTEM CONTROL NUMBER
System control number (NNC)10753255
040 ## - CATALOGING SOURCE
Original cataloging agency DLC
Language of cataloging eng
Description conventions rda
Transcribing agency DLC
Modifying agency OCLCO
-- YDXCP
-- BTCTA
-- NhCcYBP
042 ## - AUTHENTICATION CODE
Authentication code pcc
050 00 - LIBRARY OF CONGRESS CALL NUMBER
Classification number BL626.3
Item number .S38 2014
082 00 - DEWEY DECIMAL CLASSIFICATION NUMBER
Classification number 202
Edition number 23
300 ## - PHYSICAL DESCRIPTION
Dimensions 24 cm
100 1# - MAIN ENTRY--PERSONAL NAME
Personal name Scruton, Roger,
Relator term author.
9 (RLIN) 15223
245 14 - TITLE STATEMENT
Title The soul of the world /
Statement of responsibility, etc Roger Scruton.
260 ## - PUBLICATION, DISTRIBUTION, ETC. (IMPRINT)
Place of publication, distribution, etc Princeton
Name of publisher, distributor, etc Princeton University Press
Date of publication, distribution, etc 2013
300 ## - PHYSICAL DESCRIPTION
Extent viii, 205 pages ;
504 ## - BIBLIOGRAPHY, ETC. NOTE
Bibliography, etc Includes bibliographical references and index.
650 #0 - SUBJECT ADDED ENTRY--TOPICAL TERM
Topical term or geographic name as entry element Faith.
9 (RLIN) 15224
942 ## - ADDED ENTRY ELEMENTS (KOHA)
Source of classification or shelving scheme Library of Congress Classification
Koha item type Monograph ( Printed materials)
948 1# - LOCAL PROCESSING INFORMATION (OCLC); SERIES PART DESIGNATOR (RLIN)
Series part designator, SPT (RLIN) 20140429
b (OCLC) c
c (OCLC) ybp21
d (OCLC) MPS
949 ## - LOCAL PROCESSING INFORMATION (OCLC)
i 0073813044
Holdings
Withdrawn status Lost status Source of classification or shelving scheme Damaged status Not for loan Collection code Home library Current library Shelving location Date acquired Total Checkouts Full call number Barcode Date last seen Price effective from Koha item type
    Library of Congress Classification     Main Collection ARRUPE LIBRARY ARRUPE LIBRARY Main Collection 18/02/2015   BL626.3 .S38 2014 46500001049 01/08/2016 18/02/2015 Monograph ( Printed materials)

 

Arrupe Library. PO Box MP320 Mt Pleasant, Harare, Zimbabwe
263 242 745411|librarian@aju.ac.zw